|
|
|
|
| LEADER |
00000nab a2200000uu 4500 |
| 001 |
vtls011147044 |
| 003 |
SK-MaSNL |
| 005 |
20260303111956.0 |
| 008 |
230121|1975 xo |||||||||||||||||slo| |
| 015 |
|
|
|a SNBRB
|
| 035 |
|
|
|a (urnnbn)urn:nbn:sk:snk:ar-a09uwy
|
| 035 |
|
|
|a (uuid)6858a909-e7c6-49d1-b1cb-b7d12963d219
|
| 035 |
|
|
|a urn:nbn:sk:snk-abaxh1
|
| 040 |
|
|
|a SNKBUCL
|b slo
|c SNKBUCL
|e AACR2
|
| 041 |
0 |
|
|a slo
|
| 044 |
|
|
|a xo
|c SK
|
| 100 |
1 |
|
|a Šimo, Eduard,
|d 1923-2006
|4 aut
|9 5495
|
| 245 |
1 |
0 |
|a Regionálny hydrologický výskum v oblasti Karpát
|c Eduard Šimo
|
| 773 |
0 |
|
|t Vodohospodársky spravodajca
|g Roč. 18, č. 1 (1975), s. [6]-18
|
| 954 |
|
|
|a odborná, vedecká literatúra pôvodná (slovenská)
|2 lita
|
| 958 |
|
|
|a OND
|
| 958 |
|
|
|a EUIPO
|
| 958 |
|
|
|a article14
|
| 999 |
|
|
|c 1880713
|d 1882643
|